000 00370nam a2200145Ia 4500
008 231217s9999 xx 000 0 und d
041 _aEnglish
082 _a001.6424JAV WOO
100 _aWootton, Cliff
245 0 _aJava script programmer's reference
260 _c2001
_bShroff
_aMumbai
300 _axix+973
650 _aJava,script,programmer's
942 _cAA
999 _c171492
_d171492